000 00502nam a22001577a 4500
003 NUST
038 _aNusrat Nadeem
082 _a200
100 _aAsif, Momina
_9130651
245 _aOptimizing DSP Architecture of an Embedded FPGA for AI workloads/
_cMomina Asif,
264 _aIslamabad:
_bSEECS NUST.
_c2025.
650 _a MS-Electrical Engineering
_923567
700 _aSupervisor: Dr. Abid Rafique
_9130614
856 _u http://10.250.8.41:8080/xmlui/handle/123456789/54910
942 _2ddc
_cSC
999 _c614830
_d614830